Sports Quiz

Random Sports or Cricket Quiz

Pre-1980s Test Match Cricket Quiz Stats

 Plays Quiz not verified by Sporcle

Also try: Olympics by Emblem
Challenge
Share
Tweet
Embed
Score 0/80 Timer 15:00
0 Plays Today
Player % Correct
GS Sobers
94.6%
GS Sobers
94.6%
DG Bradman
94.2%
FS Trueman
93%
APE Knott
92.2%
L Hutton
90.1%
DK Lillee
89.8%
MC Cowdrey
89.7%
MC Cowdrey
89.7%
BS Bedi
88.8%
R Benaud
88.5%
R Benaud
88.5%
RW Marsh
88.2%
WR Hammond
88%
WR Hammond
88%
JC Laker
87.8%
G Boycott
87.6%
JB Hobbs
86.1%
CH Lloyd
83.8%
DCS Compton
83.7%
SM Gavaskar
83.3%
KF Barrington
82.3%
LR Gibbs
82.2%
RGD Willis
81.3%
JB Statham
80.3%
JA Snow
79.5%
AV Bedser
78.4%
WW Hall
78.4%
RR Lindwall
78.2%
RN Harvey
78.2%
SF Barnes
77.5%
GAR Lock
76.8%
IM Chappell
76%
GS Chappell
76%
RB Simpson
75.4%
JH Edrich
75.2%
RB Kanhai
72.4%
DL Murray
71.2%
TG Evans
69.7%
AK Davidson
67.6%
Player % Correct
WM Lawry
67.3%
CV Grimmett
67.1%
AL Valentine
64.5%
AW Greig
64.1%
ATW Grout
62.9%
H Verity
62.5%
Wasim Bari
62.4%
GD McKenzie
61.7%
W Rhodes
61.7%
AI Kallicharran
60.8%
EAS Prasanna
60.5%
BS Chandrasekhar
57.3%
FJ Titmus
57%
S Ramadhin
56.8%
JK Lever
56.2%
RC Fredericks
56.1%
HJ Tayfield
53.8%
AR Morris
53.8%
MH Mankad
51.3%
W Voce
49.5%
TW Graveney
45.4%
FE Woolley
44.8%
JM Parks
44%
GJ Gilmour
42.8%
C Hill
41%
SP Gupte
39.5%
IR Redpath
38%
JH Wardle
37.8%
J Briggs
37.1%
R Peel
35.7%
RO Collinge
35.6%
KD Ghavri
35.3%
KJ Wadsworth
33.2%
G Dymock
32%
JHB Waite
31.1%
TL Goddard
30.8%
C Blythe
29.7%
FCM Alexander
26.2%
GH Hirst
21.4%
WJ Whitty
15.7%

You're not logged in!

Compare scores with friends on all Sporcle quizzes.
Join for Free
OR
Log In

You Might Also Like...

Show Comments

Extras

Top Quizzes Today


Score Distribution

Your Account Isn't Verified!

In order to create a playlist on Sporcle, you need to verify the email address you used during registration. Go to your Sporcle Settings to finish the process.

Report this User

Report this user for behavior that violates our Community Guidelines.

Details: